000 00693nam a2200241 i 4500
001 C2-0312452
003 PPAK
005 20180728104206.0
008 111005s2011 nyua|||| ||||| | eng d
020 _a9781451621464
040 _aPPAK
_beng
_cPPAK
_erda
082 0 4 _a941.0850922
_223
090 0 0 _a941.0850922
_bAND
_dG
100 1 _aAndersen, Christopher,
_eauthor
245 1 0 _aWilliam and Kate
264 1 _aNew York :
_bGallery Books ,
_c2011
300 _a326 pages :
_bcolour illustrations ;
_c21 cm
336 _2rdacontent
_atext
337 _2rdamedia
_aunmediated
338 _2rdacarrier
_avolume
650 1 0 _aRoyal couples - Great Britain - Biography
942 _ddc
_cB
999 _c114437
_d114437